Vista normal Vista MARC

Entrada Término temático

Número de registros utilizados en: 50

001 - NÚMERO DE CONTROL

  • campo de control: 175557

003 - IDENTIFICADOR DEL NÚMERO DE CONTROL

  • campo de control: CO-MdUADB

005 - FECHA Y HORA DE LA ÚLTIMA TRANSACCIÓN

  • campo de control: 20231027105402.0

008 - DATOS DE LONGITUD FIJA

  • campo de control de longitud fija: 230418|| aza||aabn | a|a d

040 ## - FUENTE DE LA CATALOGACIÓN

  • Centro catalogador/agencia de origen: CO-MdUADB
  • Lengua de catalogación: spa
  • Centro/agencia transcriptor: CO-MdUADB
  • Normas de descripción: rda

150 ## - ENCABEZAMIENTO--TÉRMINO DE MATERIA

  • Término de materia o nombre geográfico como elemento de entrada: Epidemiología social